Analysis of floating rice eco-systems in srayov commune kompong thom province (ការវិភាគប្រព័ន្ធក្សេត្របរិស្ថានស្រូវឡើងទឹកក្នុងឃុំស្រយ៉ូវ ខេត្តកំពង់ធំ) (Record no. 274)

000 -LEADER
fixed length control field 00645nam a22001577a 4500
003 - CONTROL NUMBER IDENTIFIER
control field OSt
005 - DATE AND TIME OF LATEST TRANSACTION
control field 20150912103918.0
008 - FIXED-LENGTH DATA ELEMENTS--GENERAL INFORMATION
fixed length control field 150912b xxu||||| |||| 00| 0 eng d
040 ## - CATALOGING SOURCE
Transcribing agency RUA
082 ## - DEWEY DECIMAL CLASSIFICATION NUMBER
Classification number AGR KIN 1997 B018 Or.1
100 ## - MAIN ENTRY--PERSONAL NAME
9 (RLIN) 296
Personal name KING, ROMANY
245 ## - TITLE STATEMENT
Title Analysis of floating rice eco-systems in srayov commune kompong thom province (ការវិភាគប្រព័ន្ធក្សេត្របរិស្ថានស្រូវឡើងទឹកក្នុងឃុំស្រយ៉ូវ ខេត្តកំពង់ធំ)
260 ## - PUBLICATION, DISTRIBUTION, ETC. (IMPRINT)
Place of publication, distribution, etc. Phnom Penh
Name of publisher, distributor, etc. RUA
Date of publication, distribution, etc. 1997
300 ## - PHYSICAL DESCRIPTION
Extent 43p.
Other physical details ill.
Dimensions 29cm.
942 ## - ADDED ENTRY ELEMENTS (KOHA)
Source of classification or shelving scheme
Koha item type AGR
Holdings
Price effective from Date last seen Permanent Location Not for loan Date acquired Source of classification or shelving scheme Koha item type Lost status Withdrawn status Date last checked out Total Checkouts Damaged status Barcode Shelving location Current Location Full call number
2015-09-122015-09-12Library Block B 2015-09-12 AGR     RUA003266 Library Block BAGR KIN 1997 B018 Or.1
2015-09-122015-09-12Library Block B 2015-09-12 AGR     RUA003338B018Library Block BAGR KIN 1997 B018 Or.2
2015-09-122015-09-12Library Block B 2015-09-12 AGR     RUA003410B018Library Block BAGR KIN 1997 B018 Or.3
2015-09-122015-09-12Library Block B 2015-09-12 AGR     RUA003482B018Library Block BAGR KIN 1997 B018 Or.4
2015-09-122015-09-12Library Block B 2015-09-12 AGR     RUA003554B018Library Block BAGR KIN 1997 B018 Or.5
2015-09-122015-09-12Library Block B 2015-09-12 AGR     RUA003115B018Library Block BAGR KIN 1997 B018 Or.6
2015-09-122019-08-07Library Block B 2015-09-12 AGR  2019-07-021 RUA003116B018Library Block BAGR KIN 1997 B018 Or.7
2015-09-122015-09-12Library Block B 2015-09-12 AGR     RUA003188B018Library Block BAGR KIN 1997 B018 Or.8
2015-09-122015-09-12Library Block B 2015-09-12 AGR     RUA003260B018Library Block BAGR KIN 1997 B018 Or.9
2015-09-122015-09-12Library Block B 2015-09-12 AGR     RUA003332B018Library Block BAGR KIN 1997 B018 Or.10
2015-09-122016-10-04Library Block B 2015-09-12 AGR  2016-08-121 RUA003777B018Library Block BAGR KIN 1997 B018 Or.11
មជ្ឈមណ្ឌលឯការនៃសាកលវិទ្យាល័យភូមិន្ទកសិកម្មចំការដូង

Powered by Koha